| 000 | 00827nam a2200301 a 4500 | ||
|---|---|---|---|
| 001 | vtls001438565 | ||
| 003 | NLI | ||
| 005 | 20210627122019.0 | ||
| 008 | 121130n ii 000 0 eng | ||
| 039 | 9 |
_y201211301643 _zVLOAD |
|
| 040 |
_aNLI _beng _cDatasoft_GENG _eAACR2 |
||
| 041 | 0 | _aeng | |
| 044 | _aii | ||
| 082 | 0 | 4 | _a211.6 |
| 100 | 1 |
_aKanal, S. P. _91003416 |
|
| 245 | 1 | 0 |
_aCan humanism be a substitute for religion ? / _cS. P. Kanal |
| 260 |
_aNew Delhi : _bDev Samaj Prakashan, _c[n. d.] |
||
| 300 |
_a24 p. ; _c22 cm. |
||
| 650 | 0 |
_aHumanism _9772263 |
|
| 650 | 0 |
_aSecularism _9725989 |
|
| 650 | 0 |
_aTheology _9686847 |
|
| 887 | _a | ||
| 901 |
_aDB59936 _b23.08.1991 |
||
| 902 | _aE 211.6 K 131 | ||
| 904 | _l2182 | ||
| 949 |
_AVIRTUAITEM _D10000 _X100 _6DBA000059936ENG |
||
| 942 |
_2ddc _cBKS |
||
| 999 |
_aVIRTUA40 _c891736 _d891736 |
||